Český akciový trh zaostal za maďarským aj poľským trhom
Základné makroekonomické ukazovatele krajín východnej Európy, odhady na r. 1996 a prognózy na r. 1997 podľa japonskej finančnej inštitúcie Nomura Research Institute - NRI. (Hospodárske noviny budú pravidelne každý mesiac uverejňovať prehľad najvýznamnejších udalostí na akciových trhoch východoeuróps...
Gespeichert in:
| 1. Verfasser: | |
|---|---|
| Weitere Verfasser: | |
| Format: | Buchkapitel |
| Sprache: | Slowakisch |
| Schlagworte: | |
| Tags: |
Keine Tags, Fügen Sie das erste Tag hinzu!
|
MARC
| LEADER | 00000naa a2200000 4500 | ||
|---|---|---|---|
| 001 | r021819 | ||
| 005 | 20230801110153.0 | ||
| 041 | 0 | |a slo | |
| 044 | |a SK | ||
| 245 | 1 | 0 | |a Český akciový trh zaostal za maďarským aj poľským trhom |c R. Knobloch, Z. Molnár |
| 520 | |a Základné makroekonomické ukazovatele krajín východnej Európy, odhady na r. 1996 a prognózy na r. 1997 podľa japonskej finančnej inštitúcie Nomura Research Institute - NRI. (Hospodárske noviny budú pravidelne každý mesiac uverejňovať prehľad najvýznamnejších udalostí na akciových trhoch východoeurópskych krajín.) | ||
| 610 | 2 | 0 | |a Česko |
| 610 | 2 | 0 | |a Maďarsko |
| 610 | 2 | 0 | |a Poľsko |
| 610 | 2 | 0 | |a Slovensko |
| 610 | 2 | 0 | |a Chorvátsko |
| 610 | 2 | 0 | |a Estónsko |
| 610 | 2 | 0 | |a Litva |
| 610 | 2 | 0 | |a Lotyšsko |
| 610 | 2 | 0 | |a východná Európa |
| 610 | 2 | 0 | |a 1992-1997 |
| 610 | 2 | 0 | |a trh kapitálový |
| 610 | 2 | 0 | |a akcie |
| 610 | 2 | 0 | |a Nomura Research Institute |
| 610 | 2 | 0 | |a ukazovatele ekonomické |
| 610 | 2 | 0 | |a odhady |
| 610 | 2 | 0 | |a prognózy hospodárske |
| 100 | 1 | |a Knobloch, R. | |
| 700 | 1 | |a Molnár, Z. | |